Psicoterapias, psicología diferencial y de la personalidad / (Registro nro. 31928)

Detalles MARC
000 -LEADER
campo de control de longitud fija 04166cam a22006974i 4500
003 - IDENTIFICADOR DE NÚMERO DE CONTROL
campo de control PE-LiUPU
005 - FECHA Y HORA DE LA ÚLTIMA TRANSACCIÓN
campo de control 20250731170428.0
008 - DATOS DE LONGITUD FIJA--INFORMACIÓN GENERAL
campo de control de longitud fija 191112s2017 sp a rb 000 0 spa d
020 ## - NÚMERO INTERNACIONAL ESTÁNDAR DEL LIBRO
Número Internacional Estándar del Libro 8416042799
Información calificativa (Volumen 5)
020 ## - NÚMERO INTERNACIONAL ESTÁNDAR DEL LIBRO
Número Internacional Estándar del Libro 9788416042791
Información calificativa (Volumen 5)
035 ## - NÚMERO DE CONTROL DEL SISTEMA
Número de control de sistema (Sirsi) a252699
040 ## - FUENTE DE CATALOGACIÓN
Centro catalogador/agencia de origen PE-LiUPU
Lengua de catalogación spa
Centro/agencia transcriptor PE-LiUPU
Normas de descripción rda
049 ## - FONDOS LOCALES (OCLC)
Biblioteca depositaria PRUA
082 04 - NÚMERO DE LA CLASIFICACIÓN DECIMAL DEWEY
Número de clasificación 150
Cutter P8
Número de edición 20
245 00 - MENCIÓN DEL TÍTULO
Título Psicoterapias, psicología diferencial y de la personalidad /
Mención de responsabilidad, etc. dirección editorial Kazuhiro Tajima Pozo, Beatriz Torres Pardo, María Celeste Amaya Maidana.
250 ## - MENCION DE EDICION
Mención de edición 2.a edición.
264 #1 - PRODUCCIÓN, PUBLICACIÓN, DISTRIBUCIÓN, FABRICACIÓN Y COPYRIGHT
Producción, publicación, distribución, fabricación y copyright Madrid :
Nombre del de productor, editor, distribuidor, fabricante Marbán,
Fecha de producción, publicación, distribución, fabricación o copyright 2017.
300 ## - DESCRIPCIÓN FÍSICA
Extensión Paginación variada :
Otras características físicas ilustraciones ;
Dimensiones 30 centímetros.
336 ## - TIPO DE CONTENIDO
Término de tipo de contenido text
Fuente rdacontent
337 ## - TIPO DE MEDIO
Nombre/término del tipo de medio unmediated
Fuente rdamedia
338 ## - TIPO DE SOPORTE
Nombre/término del tipo de soporte volume
Fuente rdacarrier
490 0# - MENCIÓN DE SERIE
Mención de serie Psicología Textbook APIR ;
Designación de volumen o secuencia 5
504 ## - NOTA DE BIBLIOGRAFÍA, ETC.
Nota de bibliografía, etc. Bibliografía: páginas 141.
505 0# - NOTA DE CONTENIDO CON FORMATO
Nota de contenido con formato Componentes de la psicoterapia -- La aproximación histórica a las psicoterapias -- Psicoanálisis I: Freud -- Psicoanálisis y terapias psicodinámicas -- Modelos fenomenológico-existencialistas y humanistas -- Terapias de familia y modelos sistémicos -- Terapia de grupo -- Terapias conductuales -- Terapias cognitivas -- Terapias conductuales de tercera generación -- Modelos integradores -- Psicología diferencial y de la personalidad -- Introducción a la psicología de la personalidad -- Teorías psicoanalíticas de la personalidad -- Teorías humanistas y existenciales -- Teorías cognitivas de la personalidad I: los constructos personales de Kelly -- Teorías cognitivas de la personalidad II: la individualidad de Royce y Powell -- Teorías biológicas de la personalidad -- Modelos factoriales I: teoría personalística de Allport -- Modelos factoriales II: teoría de la personalidad de Cattell -- Modelos factoriales III: teoría de la personalidad de Eysenck -- Otros modelos factoriales -- Teorías socio-cognitivas -- Modelos interaccionistas -- Otros constructores específicos de la psicología de la personalidad -- La identidad personal -- Introducción a la psicología de las diferencias -- Determinantes últimos de la conducta: genética vs. ambiente -- Estrategias de investigación en psicología diferencial -- Diferencias interindividuales en inteligencia -- Diferencias interindividuales en creatividad y personalidad -- Diferencias interindividuales en estilos psicológicos, estilos cognitivos, controles cognitivos y ansiedad -- Diferencias intergrupales I: edad y sexo -- Diferencias intergrupales II: raza, clase social y bilingüismo.
526 ## - NOTA DE INFORMACIÓN SOBRE EL PROGRAMA DE ESTUDIO
Nombre del programa Segunda Especialidad De En Fermería En Cuidado De La Persona Con Diabetes Con Mención En Educación En Diabetes (Semipresencial)
526 ## - NOTA DE INFORMACIÓN SOBRE EL PROGRAMA DE ESTUDIO
Nombre del programa Segunda Especialidad En Neuropsicología (Semipresencial)
526 ## - NOTA DE INFORMACIÓN SOBRE EL PROGRAMA DE ESTUDIO
Nombre del programa Segunda Especialidad En Psicooncología Y Cuidados Paliativos (Semipresencial)
526 ## - NOTA DE INFORMACIÓN SOBRE EL PROGRAMA DE ESTUDIO
Nombre del programa Segunda Especialidad En Psicología Clínica Y De La Salud (Semipresencial)
526 ## - NOTA DE INFORMACIÓN SOBRE EL PROGRAMA DE ESTUDIO
Nombre del programa Segunda Especialidad En Psicología Clínica Y De La Salud
526 ## - NOTA DE INFORMACIÓN SOBRE EL PROGRAMA DE ESTUDIO
Nombre del programa Derecho semipresencial
526 ## - NOTA DE INFORMACIÓN SOBRE EL PROGRAMA DE ESTUDIO
Nombre del programa Derecho presencial
526 ## - NOTA DE INFORMACIÓN SOBRE EL PROGRAMA DE ESTUDIO
Nombre del programa Psicología (A Distancia)
526 ## - NOTA DE INFORMACIÓN SOBRE EL PROGRAMA DE ESTUDIO
Nombre del programa Maestría En Psicología Clínica Y De La Salud ( A Distancia)
526 ## - NOTA DE INFORMACIÓN SOBRE EL PROGRAMA DE ESTUDIO
Nombre del programa Maestría En Educación Con Mención En Psicología Educativa (A Distancia)
526 ## - NOTA DE INFORMACIÓN SOBRE EL PROGRAMA DE ESTUDIO
Nombre del programa Maestría En Terapia Familiar Y De Pareja (A Distancia)
526 ## - NOTA DE INFORMACIÓN SOBRE EL PROGRAMA DE ESTUDIO
Nombre del programa Maestría En Psicología Clínica Y De La Salud (Semipresencial)
526 ## - NOTA DE INFORMACIÓN SOBRE EL PROGRAMA DE ESTUDIO
Nombre del programa Maestría En Educación Con Mención En Psicología Educativa (Semipresencial)
526 ## - NOTA DE INFORMACIÓN SOBRE EL PROGRAMA DE ESTUDIO
Nombre del programa Maestría En Terapia Familiar Y De Pareja (Semipresencial)
526 ## - NOTA DE INFORMACIÓN SOBRE EL PROGRAMA DE ESTUDIO
Nombre del programa Psicología (Semipresencial)
526 ## - NOTA DE INFORMACIÓN SOBRE EL PROGRAMA DE ESTUDIO
Nombre del programa Maestría en psicología clínica y de la salud
526 ## - NOTA DE INFORMACIÓN SOBRE EL PROGRAMA DE ESTUDIO
Nombre del programa Maestría en educación con mención en Psicología educativa
526 ## - NOTA DE INFORMACIÓN SOBRE EL PROGRAMA DE ESTUDIO
Nombre del programa Maestría en ciencias de la familia con mención en Terapia familiar
526 ## - NOTA DE INFORMACIÓN SOBRE EL PROGRAMA DE ESTUDIO
Nombre del programa Teología
526 ## - NOTA DE INFORMACIÓN SOBRE EL PROGRAMA DE ESTUDIO
Nombre del programa Psicología
526 ## - NOTA DE INFORMACIÓN SOBRE EL PROGRAMA DE ESTUDIO
Nombre del programa Medicina humana
541 ## - NOTA DE FUENTE DE ADQUISICIÓN DIRECTA
-- 001-18;
598 ## -
-- CATALOGING
596 ## -
-- 1
650 07 - PUNTO DE ACCESO ADICIONAL DE MATERIA--TÉRMINO DE MATERIA
Término de materia o nombre geográfico como elemento de entrada Psicoterapia.
9 (RLIN) 1799
650 04 - PUNTO DE ACCESO ADICIONAL DE MATERIA--TÉRMINO DE MATERIA
Término de materia o nombre geográfico como elemento de entrada Psicología diferencial.
650 04 - PUNTO DE ACCESO ADICIONAL DE MATERIA--TÉRMINO DE MATERIA
Término de materia o nombre geográfico como elemento de entrada Psicología de la personalidad.
9 (RLIN) 3796
700 1# - ENTRADA AGREGADA--NOMBRE PERSONAL
Nombre de persona Tajima Pozo, Kazuhiro,
Término indicativo de función/relación director.
700 1# - ENTRADA AGREGADA--NOMBRE PERSONAL
Nombre de persona Torres Pardo, Beatriz,
Término indicativo de función/relación director.
700 1# - ENTRADA AGREGADA--NOMBRE PERSONAL
Nombre de persona Amaya Maidana, María Celeste,
Término indicativo de función/relación director.
910 ## - DATOS DE OPCIÓN DEL USUARIO (OCLC)
Datos de opción del usuario dbm
-- ncf
-- ncf
-- 20191112
942 ## - ELEMENTOS DE ENTRADA SECUNDARIOS (KOHA)
Fuente del sistema de clasificación o colocación Clasificación Decimal Dewey
Tipo de ítem Koha
994 ## -
-- C0
-- PEPRU
999 ## - NÚMEROS DE CONTROL DE SISTEMA (KOHA)
-- DEWEY
-- 80835
-- 2021-11-3
-- 3
-- CCODEBUL1
-- BUL
-- 31.87
-- 0
-- Y
-- BOOK
-- 2019-11-12
-- SALUD
-- P54
-- COMPRA
-- FCOMPR4
-- .STAFF. Colección Ciencias de la Salud
999 ## - NÚMEROS DE CONTROL DE SISTEMA (KOHA)
-- DEWEY
-- 80836
-- 2021-11-3
-- 3
-- CCODEBUL1
-- BUL
-- 31.87
-- 0
-- Y
-- BOOK
-- 2019-11-12
-- SALUD
-- P54
-- COMPRA
-- FCOMPR4
-- .STAFF. Colección Ciencias de la Salud
999 ## - NÚMEROS DE CONTROL DE SISTEMA (KOHA)
-- DEWEY
-- 80837
-- 2021-11-3
-- 3
-- CCODEBUL1
-- BUL
-- 31.87
-- 0
-- Y
-- BOOK
-- 2019-11-12
-- SALUD
-- P54
-- COMPRA
-- FCOMPR4
-- .STAFF. Colección Ciencias de la Salud
980 ## - EQUIVALENCIA O REFERENCIA-CRUZADA-MENCIÓN DE SERIE--NOMBRE DE PERSONA/TÍTULO [LOCAL, CANADÁ]
ID del último usuario que modificó el registro 1
Nombre del último usuario que modificó el registro ALBERTO SANCHEZ Responsable de Automatización
Existencias
Visto por última vez Número de inventario Total de préstamos Signatura topográfica completa Código de barras Copia número Coste, precio de reemplazo Fecha de reemplazo Facultad Tipo de ítem Koha Nota pública Estado de pérdida Fuente del sistema de clasificación o colocación Restricciones de uso No para préstamo Colección Programa académico Biblioteca de origen Biblioteca actual Ubicación en estantería Fecha de adquisición Fuente de adquisición Coste, precio normal de compra Fecha del último préstamo
2025-12-02 4   150 P8 5 80835 e1 36.87 2019-11-12   Libros físicos inventario-2023-12-13 No Perdido Clasificación Decimal Dewey No restringido Disponible para préstamos Colección General Maestría en ciencias de la familia con mención en Terapia familiar Biblioteca CRAI UPeU Lima Biblioteca CRAI UPeU Lima Sala principal 2019-11-12 COMPRA 31.87  
2025-12-02 4   150 P8 5 80836 e2 36.87 2019-11-12   Libros físicos inventario-2023-12-13 No Perdido Clasificación Decimal Dewey No restringido Disponible para préstamos Colección General Maestría en ciencias de la familia con mención en Terapia familiar Biblioteca CRAI UPeU Lima Biblioteca CRAI UPeU Lima Sala principal 2019-11-12 COMPRA 31.87  
2026-03-31 4 1 150 P8 5 80837 e3 36.87 2019-11-12   Libros físicos inventario-2023-12-13 No Perdido Clasificación Decimal Dewey No restringido Disponible para préstamos Colección General Maestría en ciencias de la familia con mención en Terapia familiar Biblioteca CRAI UPeU Lima Biblioteca CRAI UPeU Lima Sala principal 2019-11-12 COMPRA 31.87 2026-03-30